| 000 | 00583nam a2200181Ia 4500 | ||
|---|---|---|---|
| 005 | 20250415121559.0 | ||
| 008 | 231207s9999 xx 000 0 und d | ||
| 020 | _a9780738708249 | ||
| 040 | _cNCA Library | ||
| 082 |
_a292 _bPAG |
||
| 100 | _aAngeles, Ly De (Editor) ... [et al.] | ||
| 245 | 0 |
_aPagan visions for a sustainable future _cEdited by Ly De Angeles... [et al.] |
|
| 260 |
_bLlewellyn Publications _aWoodbury, Minnesota _c2005 |
||
| 300 | _axxi, 282p | ||
| 546 | _aEnglish | ||
| 650 | _aPaganism, Religious ethics, Human ecology--Religious aspects | ||
| 942 | _cM.PHIL. | ||
| 999 |
_c24193 _d24193 |
||